Random Currency to Country - Statistics

General Stats
  • This quiz has been taken 260 times
  • The average score is 9 of 20
Answer Stats
Currency Countries % Correct
Franc Switzerland, Chad, Niger, Congos etc.
100%
Dollar US, Canada, Australia, Singapore etc.
100%
Afghani Afghanistan
94%
Pound UK, Egypt, Lebanon, Sudan, Syria etc.
94%
Won South Korea, North Korea
92%
Rupee India, Pakistan, Sri Lanka, Seychelles etc.
89%
Peso Mexico, Argentina, Chile, Cuba etc.
89%
Lira Turkey
89%
Dinar Algeria, Iraq, Jordan, Libya, Serbia etc.
88%
Yuan China
88%
Euro France, Germany, Italy, Greece etc.
88%
Boliviano Bolivia
87%
Yen Japan
85%
Ruble Belarus, Russia
80%
Leone Sierra Leone
77%
Bolívar Venezuela
76%
Shekel Israel
72%
Krona Sweden, Iceland
71%
Riyal Qatar, Saudi Arabia
70%
Real Brazil
69%
Krone Denmark, Norway
69%
Baht Thailand
67%
Rand South Africa
65%
Dirham Morocco, United Arab Emirates
64%
Leu Moldova, Romania
63%
Forint Hungary
56%
Sol Peru
56%
Rupiah Indonesia
53%
Dong Vietnam
53%
Bitcoin El Salvador
52%
Lek Albania
50%
Hryvnia Ukraine
50%
Mark Bosnia and Herzegovina
47%
Koruna Czech Republic
47%
Tögrög Mongolia
46%
Colón Costa Rica
45%
Ringgit Malaysia
44%
Naira Nigeria
44%
Złoty Poland
44%
Vatu Vanuatu
43%
Dobra Sao Tome and Principe
42%
Manat Azerbaijan, Turkmenistan
41%
Ngultrum Bhutan
38%
Rial Iran, Oman, Yemen
38%
Kyat Myanmar
38%
Córdoba Nicaragua
38%
Balboa Panama
38%
Kwacha Malawi, Zambia
37%
Lev Bulgaria
36%
Denar North Macedonia
36%
Kip Laos
35%
Lempira Honduras
33%
Tenge Kazakhstan
33%
Loti Lesotho
33%
Kina Papua New Guinea
33%
Kwanza Angola
32%
Lilangeni Eswatini
31%
Cedi Ghana
31%
Gourde Haiti
31%
Shilling Kenya, Somalia, Tanzania, Uganda
31%
Ouguiya Mauritania
30%
Pula Botswana
29%
Escudo Cape Verde
29%
Tālā Samoa
29%
Riel Cambodia
27%
Ariary Madagascar
27%
Paʻanga Tonga
27%
Rufiyaa Maldives
25%
Guaraní Paraguay
25%
Nakfa Eritrea
24%
Birr Ethiopia
23%
Dram Armenia
21%
Somoni Tajikistan
21%
Dalasi Gambia
20%
Quetzal Guatemala
18%
Taka Bangladesh
15%
Som Kyrgyzstan, Uzbekistan
15%
Metical Mozambique
13%
Lari Georgia
7%
No matching quizzes found
Score Distribution
Percent of People with Each Score
Percentile by Number Answered
Your Score History
You have not taken this quiz